| 000 | 00741nam a2200253 i 4500 | ||
|---|---|---|---|
| 001 | 13671 | ||
| 003 | BD-RjUL | ||
| 005 | 20211208235507.0 | ||
| 008 | 140201s1975 maua 001 0 eng | ||
| 035 | _a(BD-RjUL)13723 | ||
| 040 |
_aDLC _cDLC _dDLC _dBD-RjUL _beng |
||
| 041 | _aeng | ||
| 082 | 0 | 0 |
_a651.374 _bKEC 1975 |
| 100 | 1 |
_aKestenbaum, A. Jack. _942786 |
|
| 245 | 1 | 0 |
_aClerical techniques for a business career / _cA. Jack Kestenbaum. |
| 260 |
_aBoston : _bAllyn and Bacon, _cc1975. |
||
| 300 |
_av, 313 p. : _bill. ; _c25 cm. |
||
| 504 | _aIncludes index. | ||
| 650 | 0 |
_aOffice practice. _942787 |
|
| 650 | 0 |
_aOffice practice _xProblems, exercises, etc. _942788 |
|
| 942 |
_2ddc _cBK |
||
| 999 |
_c13671 _d13671 |
||